Situación económica, principales problemas y perspectivas de desarrollo de Colombia / (Registro nro. 5587)
[ vista simple ]
| 000 -LEADER | |
|---|---|
| fixed length control field | 01211nam a2200265Ia 4500 |
| 003 - CONTROL NUMBER IDENTIFIER | |
| control field | OSt |
| 005 - DATE AND TIME OF LATEST TRANSACTION | |
| control field | 20200723225944.0 |
| 008 - FIXED-LENGTH DATA ELEMENTS--GENERAL INFORMATION | |
| fixed length control field | 191128t1975 eu ad fr 001 0 spa d |
| 040 ## - CATALOGING SOURCE | |
| Original cataloging agency | CO-JMCR |
| Transcribing agency | CO-JMCR |
| 041 0# - LANGUAGE CODE | |
| Language code of text/sound track or separate title | spa |
| 082 04 - DEWEY DECIMAL CLASSIFICATION NUMBER | |
| Classification number | 338.9861 / |
| Item number | G892s |
| Edition number | 23 |
| 110 2# - MAIN ENTRY--CORPORATE NAME | |
| Corporate name or jurisdiction name as entry element | Grupo Ad Hoc de Estudios por país de la CEPCIES sobre Colombia |
| 9 (RLIN) | 7762 |
| 245 10 - TITLE STATEMENT | |
| Title | Situación económica, principales problemas y perspectivas de desarrollo de Colombia / |
| Statement of responsibility, etc. | Grupo Ad Hoc de Estudios por país de la CEPCIES sobre Colombia |
| 260 ## - PUBLICATION, DISTRIBUTION, ETC. | |
| Place of publication, distribution, etc. | Washington : |
| Name of publisher, distributor, etc. | Organización de los Estados Americanos, |
| Date of publication, distribution, etc. | ©1975 |
| 300 ## - PHYSICAL DESCRIPTION | |
| Extent | xv, 148 páginas : |
| Other physical details | gráficos a blanco y negro ; |
| Dimensions | 22 cm. |
| 490 0# - SERIES STATEMENT | |
| Series statement | Documentos Oficiales de la OEA |
| 500 ## - GENERAL NOTE | |
| General note | Incluye índice de cuadros páginas xiii-xv |
| 505 0# - FORMATTED CONTENTS NOTE | |
| Formatted contents note | La situación económica actual -- Estrategia de desarrollo y algunos de los principales problemas de largo plazo -- Situación actual, cambios recientes de política y perspectivas hasta 1976 |
| 650 14 - SUBJECT ADDED ENTRY--TOPICAL TERM | |
| Topical term or geographic name entry element | Historia económica |
| 9 (RLIN) | 7763 |
| 650 14 - SUBJECT ADDED ENTRY--TOPICAL TERM | |
| Topical term or geographic name entry element | Estrategia del desarrollo |
| 9 (RLIN) | 2266 |
| 650 14 - SUBJECT ADDED ENTRY--TOPICAL TERM | |
| Topical term or geographic name entry element | Sector público |
| 9 (RLIN) | 7764 |
| 650 14 - SUBJECT ADDED ENTRY--TOPICAL TERM | |
| Topical term or geographic name entry element | Desarrollo económico |
| 9 (RLIN) | 7765 |
| 650 14 - SUBJECT ADDED ENTRY--TOPICAL TERM | |
| Topical term or geographic name entry element | Asistencia técnica |
| 9 (RLIN) | 7766 |
| 942 ## - ADDED ENTRY ELEMENTS (KOHA) | |
| Source of classification or shelving scheme | Dewey Decimal Classification |
| Koha item type | Books |
| Withdrawn status | Lost status | Source of classification or shelving scheme | Damaged status | Not for loan | Collection code | Home library | Current library | Date acquired | Source of acquisition | Full call number | Barcode | Date last seen | Copy number | Koha item type |
|---|---|---|---|---|---|---|---|---|---|---|---|---|---|---|
| Dewey Decimal Classification | Non-fiction | Biblioteca Pública José María del Castillo y Rada | Biblioteca Pública José María del Castillo y Rada | 04/15/2018 | Donación | 338.9861 / O686s | 430002256 | 05/16/2024 | Ej.1 | Books |